000 00343nam a2200133Ia 4500
008 240624s9999 xx 000 0 und d
041 _aeng
082 _a658.4092 CAP
100 _aCAPEZIO PETER
245 _aSECRETS OF BREAK THROUGH LEADERSHIP
260 _c1998
_aMumbai
_bJaico Publishing House
300 _a233 : p. : cm. ; 25
365 _cRS
999 _c806
_d806